000 00516nam a22001697a 4500
005 20170128113940.0
008 170128b xxu||||| |||| 00| 0 eng d
020 _a9780393918779
040 _cPK-LaUMT
082 _a301.076
_bATK-I
100 _aAtkinson, Maxine P.
245 _aIn the trenches :
_bteaching and learning sociology /
_cMaxine P. Atkinson and Kathleen S. Lowney
260 _aNew York :
_bW. W. Norton & Company,
_c2016
300 _a346 p.
650 _aSociology-Study and teaching
942 _cBK
999 _c90552
_d90552